000 01021cam a2200265 a 4500
005 20160206115625.0
008 990603t 1994mx ad r 0 1 spa d
020 _a9583800112
040 _aCO-BoPUJ
_cCO-BoIAVH
_dCO-BoIAVH
041 1 _aspa
044 _amx
082 0 4 _a003
_bB53t
100 1 _aBertalanffy, Ludwig von
_d1901-1972
245 1 0 _aTeoría general de los sistemas
_bfundamento, desarrollo, aplicaciones
_cLudwig von Bertalanffy ; traducción Juan Antonio Almela Melia
250 _aPrimera edición
260 _aMéxico :
_bFondo de Cultura Económica,
_cc1994.
300 _a311 páginas :
_bilustraciones, gráficas ;
_c21 x 14 cm.
504 _aIncluye referencias bibliográficas (página 120)
534 _tGeneral system theory : foundations, development, applications.
650 1 4 _aTeoría de sistemas
650 2 4 _aMetodología científica
650 2 4 _aAnálisis de sistemas
700 1 _aAlmela Melia, Juan Antonio
_etraductor
942 _2ddc
_cLIBRO
999 _c4579
_d4579